[Event "AUTO-INT-1543"]
[Site "http://www.queenalice.com/game.php?id=695631"]
[Date "2009.12.10"]
[Round "1"]
[White "annalay"]
[Black "Umma"]
[Result "1-0"]
[WhiteElo "1439"]
[BlackElo "1374"]

1. d4 d5 2. Nf3 Nc6 3. Nc3 Nxd4 4. Nxd4 e5 5. Ndb5 d4 6. e3 dxc3 7. Qxd8+ Kxd8
8. Nxc3 Nf6 9. f3 c5 10. Bc4 Be6 11. Bb5 c4 12. e4 Rc8 13. O-O Bd7 14. Rd1 a6
15. Bxd7 Nxd7 16. f4 exf4 17. Bxf4 Be7 18. e5 g5 19. Be3 Bc5 20. Nd5 Bxe3+ 21.
Nxe3 Re8 22. Ng4 Re6 23. Re1 h5 24. Nf6 Nxe5 25. Rad1+ Ke7 26. Nd5+ Kd6 27. Nb6+
Kc6 28. Nxc8 f6 29. h3 Re8 30. Nd6 1-0

[Event "AUTO-INT-1543"]
[Site "http://www.queenalice.com/game.php?id=695632"]
[Date "2009.12.10"]
[Round "1"]
[White "Umma"]
[Black "annalay"]
[Result "0-1"]
[WhiteElo "1390"]
[BlackElo "1424"]

1. e4 c5 2. Nf3 d6 3. Ng5 Nh6 4. Bc4 e6 5. Nxf7 Nxf7 6. d3 d5 7. Bb5+ Bd7 8. a4
d4 9. Ra3 a6 10. Bc4 Ne5 11. Qh5+ g6 12. Qxe5 Rg8 13. Rb3 b5 14. Bg5 Nc6 15.
Qxe6+ Bxe6 16. Bxd8 Nxd8 17. axb5 a5 18. Bd5 Bxd5 19. exd5 a4 20. Ra3 h5 21. O-O
Bh6 22. Re1+ Kf8 23. d6 Rg7 24. Re5 Nb7 25. b3 Re8 26. Rxa4 Rxe5 27. g4 h4 28.
Ra7 Nxd6 0-1

[Event "Challenge"]
[Site "http://www.queenalice.com/game.php?id=695875"]
[Date "2009.12.10"]
[Round "-"]
[White "annalay"]
[Black "TomasJeferson"]
[Result "1-0"]
[WhiteElo "1316"]
[BlackElo "1110"]

1. d4 d5 2. Nc3 Nf6 3. Bf4 a6 4. h3 Nc6 5. e3 Bf5 6. Bd3 Bxd3 7. Qxd3 Nb4 8. Qd2
e6 9. a3 Nc6 10. f3 h6 11. e4 g5 12. Bg3 Nh5 13. Bf2 Nf4 14. O-O-O Nxg2 15. exd5
exd5 16. Rh2 Nf4 17. h4 f6 18. Re1+ Be7 19. b4 b5 20. Nge2 Ne6 21. f4 gxf4 22.
Nxf4 Ng7 23. Ng6 Rh7 24. Qe3 Nf5 25. Qf4 Qd7 26. a4 bxa4 27. Nxa4 O-O-O 28.
Nxe7+ Ncxe7 29. Nc5 Qb5 30. Ne6 Re8 31. Qxc7# 1-0

[Event "Challenge"]
[Site "http://www.queenalice.com/game.php?id=696073"]
[Date "2009.12.11"]
[Round "-"]
[White "TomasJeferson"]
[Black "annalay"]
[Result "1-0"]
[WhiteElo "1308"]
[BlackElo "1345"]

1. e4 c5 2. Bc4 e6 3. Nf3 Nc6 4. d3 g6 5. Nc3 Bg7 6. Nb5 d6 7. Bf4 Be5 8. Bg5 f6
9. Be3 a6 10. Na3 Bxb2 11. Rb1 Bxa3 12. O-O b5 13. Bb3 Na5 14. Qe2 f5 15. Bg5
Qb6 16. e5 Bd7 17. Qd2 h6 18. Be3 c4 19. Bxb6 Ne7 20. Qxa5 Nc6 21. Qxa3 O-O 22.
Qxd6 1-0

[Event "revenge?"]
[Site "http://www.queenalice.com/game.php?id=753388"]
[Date "2010.3.29"]
[Round "-"]
[White "annalay"]
[Black "talbot"]
[Result "0-1"]
[WhiteElo "1533"]
[BlackElo "1300"]

1. e3 e5 2. Nf3 d5 3. Nxe5 Qd6 4. d4 Qb4+ 5. c3 Qe7 6. Qf3 f6 7. Nd3 Be6 8. Nf4
Bf7 9. Nxd5 Qd8 10. Bc4 c6 11. Nb4 Bxc4 12. Nd2 Bb5 13. c4 Ba6 14. d5 Bxb4 15.
O-O g6 16. a3 Ba5 17. b4 Bb6 18. Bb2 Nd7 19. d6 c5 20. Qe4+ Ne5 21. f4 Qd7 22.
fxe5 O-O-O 23. b5 Ba5 24. Nb3 Bxb5 25. Nxc5 Qc6 26. d7+ Kc7 27. Qxc6+ Bxc6 28.
Ne6+ Kxd7 29. Rfd1+ Kxe6 30. Rxd8 Bxd8 31. exf6 Nxf6 32. Re1 b5 33. cxb5 Bxb5
34. g4 Rg8 35. h3 Ne4 36. Kg2 Rf8 37. h4 Ba5 38. Rb1 Bc7 39. Rf1 Rxf1 40. h5 Nf2
41. Kf3 Kd5 42. Bd4 Nd1+ 43. Kg2 Ke4 44. hxg6 hxg6 45. Bxa7 Nxe3+ 46. Bxe3 Kxe3
47. Kh3 g5 48. a4 Rh1+ 49. Kg2 Bc6# 0-1

[Event "AUTO-INT-1543"]
[Site "http://www.queenalice.com/game.php?id=758186"]
[Date "2010.4.8"]
[Round "2"]
[White "Nephi_R"]
[Black "annalay"]
[Result "0-1"]
[WhiteElo "1667"]
[BlackElo "1495"]

1. e3 e5 2. d4 d6 3. dxe5 Nc6 4. exd6 Bxd6 5. Nf3 Nf6 6. Bd3 O-O 7. O-O Bg4 8.
Nbd2 Qe7 9. c3 Ne5 10. Be2 Rad8 11. Nd4 a6 12. h3 Bxe2 13. Qxe2 g6 0-1

[Event "AUTO-INT-1543"]
[Site "http://www.queenalice.com/game.php?id=758187"]
[Date "2010.4.8"]
[Round "2"]
[White "annalay"]
[Black "Nephi_R"]
[Result "1-0"]
[WhiteElo "1518"]
[BlackElo "1644"]

1. e4 d6 2. d4 Nf6 3. Nc3 g6 4. Bc4 Bg7 5. Nf3 O-O 6. O-O Bg4 7. Bf4 c6 8. a4
Nbd7 9. Qd3 Bxf3 10. Qxf3 e5 11. Be3 exd4 12. Bxd4 Ne5 13. Bxe5 1-0

[Event "AUTO-INT-1543"]
[Site "http://www.queenalice.com/game.php?id=758192"]
[Date "2010.4.8"]
[Round "2"]
[White "sphagnis"]
[Black "annalay"]
[Result "1-0"]
[WhiteElo "1644"]
[BlackElo "1564"]

1. e4 e5 2. Bc4 Nf6 3. d3 d5 4. exd5 Nxd5 5. Nf3 Bg4 6. h3 Bxf3 7. Qxf3 c6 8.
Nc3 Bb4 9. Bd2 Bxc3 10. bxc3 O-O 11. h4 e4 12. dxe4 Qe7 13. O-O Nf6 14. Rfe1
Nbd7 15. Bf4 Qc5 16. Bb3 Ne5 17. Bxe5 Qxe5 18. Rab1 b5 19. a4 1-0

[Event "AUTO-INT-1543"]
[Site "http://www.queenalice.com/game.php?id=758193"]
[Date "2010.4.8"]
[Round "2"]
[White "annalay"]
[Black "sphagnis"]
[Result "0-1"]
[WhiteElo "1578"]
[BlackElo "1630"]

1. e4 e5 2. Nf3 Nc6 3. d4 Bb4+ 4. c3 Ba5 5. b4 Bb6 6. b5 Nce7 7. Nxe5 d6 8. Ng4
h5 9. Ne3 Nf6 10. Bd3 Bg4 11. Nxg4 Nxg4 12. O-O c6 13. e5 dxe5 14. Qe2 Qd6 15.
Ba3 c5 16. Be4 Rb8 17. Qc4 exd4 18. g3 h4 0-1

[Event "AUTO-BEG-362"]
[Site "http://www.queenalice.com/game.php?id=771890"]
[Date "2010.5.7"]
[Round "2"]
[White "mrjoe"]
[Black "annalay"]
[Result "0-1"]
[WhiteElo "1651"]
[BlackElo "1539"]

1. e4 e5 2. Nf3 Nc6 3. b3 Nf6 4. Nc3 Bc5 5. Bb2 d6 6. Bc4 O-O 7. O-O Be6 8. Ne2
Nxe4 9. d4 exd4 10. Nexd4 Qd7 11. Bb5 Bg4 12. Bxc6 bxc6 13. h3 Bxh3 14. Nh4 Bxg2
15. Nxg2 d5 16. Qf3 Nd2 17. Qd3 Nxf1 18. Rxf1 f5 19. Nf3 f4 20. Ng5 Rf5 21. Nxh7
Kxh7 22. Qh3+ Kg8 23. Be5 Raf8 24. Bxf4 R8f6 25. Qh2 Qf7 26. c3 Rh5 27. Qg3 Rg6
28. Qd3 Qxf4 0-1

[Event "AUTO-BEG-362"]
[Site "http://www.queenalice.com/game.php?id=771891"]
[Date "2010.5.7"]
[Round "2"]
[White "annalay"]
[Black "mrjoe"]
[Result "1-0"]
[WhiteElo "1559"]
[BlackElo "1631"]

1. d4 d5 2. Nc3 Nc6 3. e4 dxe4 4. d5 Ne5 5. Nxe4 c6 6. Nc3 cxd5 7. Nxd5 e6 8.
Bb5+ Bd7 9. Qe2 Ne7 10. Nxe7 Bxe7 11. Qxe5 f6 12. Bxd7+ Qxd7 13. Qe3 O-O 14. Nf3
Rad8 15. O-O b6 16. Bd2 Bc5 17. Qe4 f5 18. Qc4 Kh8 19. Rfe1 Rfe8 20. Bc3 h6 21.
Ne5 Qb7 22. Ng6+ Kh7 23. Rxe6 Rxe6 24. Qxe6 Rd6 25. Nf8+ Kh8 26. Qxf5 Kg8 27.
Qh7+ Kxf8 28. Qh8+ Ke7 29. Qxg7+ Ke6 30. Qxb7 1-0

[Event "AUTO-BEG-362"]
[Site "http://www.queenalice.com/game.php?id=771894"]
[Date "2010.5.7"]
[Round "2"]
[White "CristianLonghinoti"]
[Black "annalay"]
[Result "1-0"]
[WhiteElo "1420"]
[BlackElo "1515"]

1. e4 c5 2. d3 e5 3. Nf3 Nc6 4. Bg5 Be7 5. Qd2 Nd4 6. Be3 Nxf3+ 7. gxf3 d6 8. f4
exf4 9. Bxf4 Bh4 10. Rg1 Qf6 11. Rg4 Bxg4 12. Nc3 Ne7 13. Bg2 Ng6 14. Ne2 Qxb2
15. Rc1 Rd8 16. a4 O-O 17. Ng1 d5 18. exd5 Rfe8+ 19. Kf1 Rxd5 20. Bxd5 Qd4 21.
Bf3 Nxf4 22. Bxg4 Ne2 23. Kg2 Qxf2+ 24. Kh1 Ng3+ 25. hxg3 Qxd2 26. Rd1 Qg5 27.
Be2 Bxg3 28. Rf1 Qh4+ 29. Kg2 Qh2+ 30. Kf3 Bf4 31. a5 1-0

[Event "AUTO-BEG-362"]
[Site "http://www.queenalice.com/game.php?id=771895"]
[Date "2010.5.7"]
[Round "2"]
[White "annalay"]
[Black "CristianLonghinoti"]
[Result "0-1"]
[WhiteElo "1537"]
[BlackElo "1398"]

1. e3 e5 2. Nc3 d6 3. Qf3 Qe7 4. Bc4 Be6 5. Qxb7 Bxc4 6. Qxa8 Qd8 7. Qxa7 Be7 8.
Qa4+ Qd7 9. Qxc4 Nh6 10. Nf3 O-O 11. e4 Nc6 12. d3 Na5 13. Qb5 Qxb5 14. Nxb5 c6
15. b4 cxb5 16. bxa5 Ra8 17. Bd2 f6 18. Bb4 Kf8 19. a4 bxa4 20. Rxa4 Nf7 21. a6
Nd8 22. d4 Nc6 23. c3 Ke8 24. O-O exd4 25. Nxd4 Nd8 26. c4 Kd7 27. Rb1 Nc6 0-1

[Event "Wilson's Heart."]
[Site "http://www.queenalice.com/game.php?id=775928"]
[Date "2010.5.15"]
[Round "-"]
[White "talbot"]
[Black "annalay"]
[Result "1-0"]
[WhiteElo "1511"]
[BlackElo "1578"]

1. e3 e5 2. c3 Nf6 3. Nf3 Nc6 4. d4 d6 5. Na3 e4 6. Nd2 d5 7. h4 g6 8. g3 Ng4 9.
f3 Nxe3 10. Qe2 Nxf1 11. Nxf1 h5 12. fxe4 dxe4 13. b4 f5 14. g4 hxg4 15. b5 Rxh4
16. Nh2 g3 17. bxc6 gxh2 18. Qb5 bxc6 19. Qxc6+ Bd7 20. Qxg6+ Ke7 21. Qg5+ Ke8
22. Nc4 Qxg5 23. Bxg5 Rh3 24. Bf4 Rc8 25. Ne5 Bd6 26. Rxh2 Rxc3 27. Rb1 c5 28.
Rb7 Bxe5 29. dxe5 a5 30. e6 Rd8 31. exd7+ Rxd7 32. Rxd7 Kxd7 33. Rh5 Ra3 34.
Rxf5 Kc6 35. Ke2 Rxa2+ 36. Ke1 Kb5 37. Rd5 1-0

[Event ""Tira a camisá"!"]
[Site "http://www.queenalice.com/game.php?id=776076"]
[Date "2010.5.15"]
[Round "-"]
[White "Grimnir"]
[Black "annalay"]
[Result "0-1"]
[WhiteElo "967"]
[BlackElo "1535"]

1. g4 d5 2. h3 e5 3. c3 Nc6 4. b4 a5 5. Nf3 axb4 6. c4 dxc4 7. e4 Nf6 8. Ng5 Qd7
9. Qc2 h6 10. Nf3 b3 11. axb3 Rxa1 12. Nc3 Ba3 13. Nd1 Bxc1 14. Nxe5 Nxe5 15.
bxc4 b6 16. Qb2 Bxb2 17. f4 Nxe4 18. Bg2 Qxd2+ 19. Kf1 Rxd1# 0-1

[Event "Depilação a laser."]
[Site "http://www.queenalice.com/game.php?id=813805"]
[Date "2010.8.5"]
[Round "-"]
[White "annalay"]
[Black "talbot"]
[Result "1-0"]
[WhiteElo "1551"]
[BlackElo "1578"]

1. e3 e5 2. c4 Na6 3. Nc3 b6 4. Nf3 d6 5. g3 Nf6 6. Bg2 h6 7. b3 g5 8. O-O Ne4
9. Nxe4 Bb7 10. d3 g4 11. Nh4 Qd7 12. Nf6+ Kd8 13. Nxd7 Bxg2 14. Nxg2 Kxd7 15.
Qxg4+ Kd8 16. Bb2 Be7 17. f4 h5 18. Qf3 Rb8 19. d4 Nb4 20. dxe5 d5 21. a3 Nc2
22. Qxd5+ Kc8 23. Rac1 Nxa3 24. e6 f6 25. Qd7+ 1-0